000 00656nam a22002297a 4500
999 _c31896
_d31896
003 OSt
005 20250422153628.0
008 250422b ||||| |||| 00| 0 eng d
020 _a8123903995
_cRs 160.00
040 _cimukc
041 _aeng
082 _a530
_bS61735
100 _95851
_aSingh, Abhay Kumar
245 _aSolutions to I.E. Irodov's problems in general physics. Volume I /
_cAbhay Kumar Singh
250 _a2nd ed.
260 _aNew Delhi :
_bCBS Publishers & Distributors,
_c2005.
300 _a424 p. :
_bill. ;
_c24 cm
650 0 _936
_aPhysics
650 0 _95852
_aElectrodynamics
650 0 _9119
_aMechanics
942 _2ddc
_cBK